Urugwajska imigracja według państw - Statystyki

Ogólne statystyki
  • Ten quiz został rozwiązany 85 razy
  • Średni wynik to 17 z 20
Statystyki odpowiedzi
Ludzie Państwo % Poprawnych
89 604 Argentyna
99%
72 510 Brazylia
99%
750 Meksyk
99%
774 Stany Zjednoczone
99%
1 611 Niemcy
95%
1 321 Paragwaj
92%
2 031 Chile
91%
423 Kanada
91%
473 Peru
91%
19 824 Hiszpania
90%
23 629 Wenezuela
90%
599 Wielka Brytania
88%
8 076 Włochy
87%
435 Boliwia
86%
616 Francja
86%
570 Chiny
83%
1 385 Polska
81%
549 Portugalia
77%
26 000 Kuba
68%
841 Rumunia
18%
Nie znaleziono quizów pasujących do podanych kryteriów
Rozkład punktacji
Procent ludzi z każdym wynikiem
Percentyl według liczby udzielonych odpowiedzi
Twoja historia wyników
Nie rozwiązałeś tego quizu